000 00652nam0a22002531 4500
001 RU\NLR\INFOCOMM19\ROSSICA\1000001464
005 20250613193754.0
035 _a(NLR Aleph) 009979730
090 _a9688905
_c9688905
100 _a20030930d1887 |||y0rusy50 ca
101 0 _ager
102 _aRU
105 _ay ||||000ay
200 1 _aDie Jura und Kreidekorallen der Krim
_fEug. Solomko
210 _aSt.Petersburg
_d1887
215 _d
700 1 _aSolomko
_bE.
_gEug.
_4070
801 1 _aRU
_bInfoComm
_c20030930
801 0 _aRU
_bNLR
_gPSBO
852 _aNLR
_j12.53a.6.53
942 _cBOOK
980 _aNB
980 _aRossica